| 000 | 00431nam a22001577a 4500 | ||
|---|---|---|---|
| 003 | OSt | ||
| 005 | 20140310182530.0 | ||
| 008 | 130813t xxu||||| |||| 00| 0 eng d | ||
| 020 | _a9788184488685 | ||
| 050 |
_aRC 78 _b.D536 2010 |
||
| 245 |
_aDiagnostic Radiology : _bchest and cardiovascular imaging / |
||
| 260 |
_aNew Delhi : _bJaypee, _cc2010. |
||
| 300 |
_a492 p. : _bill. ; _c29 cm. |
||
| 942 |
_2lcc _cSSLC |
||
| 999 |
_c14126 _d14126 |
||